000
00303cam a2200121ua 4500
041
_a
eng
_h
082
_a
823.301
_b
TOL/MA
100
_a
Tolstoy, Heo, .
245
_a
Master and man athertrables end tables /
_c
Tolstoy, heo.
_h
Textual Documents
300
_a
320 ; .
504
_a
999
_c
11713
_d
11713